=LDR 00000nam 2200000 4500 =001 INLIS000000000002156 =005 20130612090521 =008 ***********************************Ind** =035 ##$$0010-061300000002156 =041 ##$$a Ind =082 ##$$a 729.24 =090 ##$$a 729.24 , Lap =245 ##$$a Laporan akhir analisis dan evaluasi hukum tentang konservasi sumber daya alam hayati dan ekosistemnya dalam rencana umum tata ruang =260 ##$$a 1997 $b Jakarta =300 ##$$a vii, 126 hlm , ilus , 21 cm =650 ##$$a Tata ruang =710 ##$$a Departemen Kehakiman RI =850 ##$$a NBPNMAT =990 ##$$a 0001/BPAP-NTB/2016